000 00249nam a2200109Ia 4500
008 231212s1971 xx 000 0 und d
041 _aeng
082 _a621.38
100 _aPopov L.
245 _aMason's Guide in
260 _aMascow
_bMir Pub
_c1971
999 _c958505
_d958505